[Event "TUR-chT Superleague 2018"]
[Site "Ankara"]
[Date "2018.07.25"]
[Round "1"]
[White "Dastan, Muhammed Batuhan"]
[Black "Uysal, Burak"]
[Result "1-0"]
[WhiteElo "2552"]
[BlackElo "2185"]
[Annotator "TA"]
[PlyCount "115"]
[EventDate "2018.07.25"]
[EventType "team-tourn"]
[EventCountry "TUR"]
[SourceTitle "playchess.com"]
[Source "ChessBase"]
[SourceQuality "1"]

{[%evp 24,115,25,19,17,10,0,0,12,0,0,-41,-34,-35,0,-22,0,-11,11,0,0,0,0,-7,0,0,3,0,0,-35,0,0,0,0,0,-39,-29,-55,-51,-62,26,37,95,0,0,0,0,0,0,15,15,30,20,22,64,64,60,38,45,25,264,250,253,256,279,279,272,267,266,269,278,224,460,443,597,543,693,704,687,681,797,841,1070,1107,2140,2130,29982,29983,29983,29984,29984,29984,29985,29982]} 1. Nf3 d5 2. g3 Bg4 3. Bg2 Nd7 4. c4 e6 5. cxd5 exd5 6. O-O Ngf6 7. d3 Bc5 8. Nc3 c6 9. Qb3 Bb6 10. Na4 {A11: Reti-Eröffnung} O-O 11. Nxb6 axb6 (11... Qxb6 12. Qc2 Rfe8 13. h3 Bh5 14. g4 Bg6 15. Nh4 Nf8 16. Kh1 Ne6 17. e3 h5 {1-0 (65) Oparin,G (2616)-Shirov,A (2673) Moscow 2016}) 12. Qc2 Re8 13. b3 {LiveBook: 10 Partien} Bxf3 14. Bxf3 Ne5 15. Bg2 d4 16. Bb2 Qd6 17. a3 $146 ({Vorgänger:} 17. Qd2 h5 {½-½ (43) Al Huwar,J (2260)-Kuybokarov,T (2491) Sharjah 2017}) 17... h5 18. Qd2 Ng6 (18... h4 $5) 19. Rac1 b5 20. Rfe1 Red8 21. Qg5 h4 22. Qc5 Qd7 23. Rcd1 Qg4 24. Bf3 Qd7 25. Kg2 Ng4 26. Qg5 N4e5 (26... h3+ $5 27. Kg1 N6e5 $11) 27. Be4 f6 28. Qf5 Ne7 29. Qh5 f5 30. Bf3 N7g6 31. Qg5 Nxf3 (31... Qe6 $15) 32. exf3 $11 Kf7 (32... Qf7 $14) 33. Rd2 (33. gxh4 $16 {Droht stark h5.} Qd6 34. Bc1) 33... Re8 34. Rde2 Rxe2 35. Rxe2 Rh8 36. g4 h3+ 37. Kf1 $1 fxg4 38. fxg4 {Te4 ist eine echte Drohung.} Re8 39. Rxe8 Qxe8 40. Qf5+ Kg8 41. Bxd4 Nf8 $2 {[#]} (41... Nh4 $1 $11 42. Qg5 Qd7 43. Qxh4 Qxd4) 42. f4 $18 {[%cal Bf2f4,Bf4f5][%mdl 32]} Ne6 43. Be3 Nc7 44. Kf2 Nd5 45. Bd4 Qe7 46. Qe5 Qd7 47. f5 Nc7 $2 (47... b4 48. a4 b6) 48. Kg3 b6 49. b4 Nd5 50. Kxh3 Qf7 51. Kg3 Ne7 52. Bxb6 Nd5 53. Bd4 Nc7 54. h4 {[%cal Bh2h4,Bh4h5,Bh5h6][%mdl 32]} Kh8 55. h5 {Weiß setzt Matt.} Kg8 {[#]} 56. h6 $1 Ne8 (56... gxh6 57. Qh8#) 57. hxg7 Nc7 58. Qf6 {Precision: Weiß = 65%, Schwarz = 39%.} 1-0

[Event "TUR-chT Superleague 2018"]
[Site "Ankara"]
[Date "2018.07.25"]
[Round "1"]
[White "Nihal Sarin"]
[Black "Kravtsiv, Martyn"]
[Result "1/2-1/2"]
[WhiteElo "2551"]
[BlackElo "2654"]
[Annotator "TA"]
[PlyCount "117"]
[EventDate "2018.07.25"]
[EventType "team-tourn"]
[EventCountry "TUR"]
[SourceTitle "playchess.com"]
[Source "ChessBase"]
[SourceQuality "1"]

{[%evp 26,117,27,0,0,0,0,0,0,0,0,0,0,-9,8,6,22,20,25,18,41,29,32,29,34,29,60,29,45,28,37,0,82,80,113,77,85,64,107,107,98,94,121,120,123,117,185,179,321,310,310,84,86,88,89,86,111,106,112,70,77,82,88,88,97,91,93,93,111,110,114,47,110,108,108,67,71,47,56,41,41,8,8,8,27,27,27,27,27,27,41,0,18,18]} 1. d4 Nf6 2. c4 e6 3. Nc3 Bb4 4. Qc2 O-O 5. Nf3 c5 6. dxc5 Na6 {[%cal Bb8a6,Ba6c5,Bc5e4][%mdl 32]} 7. g3 Nxc5 8. Bg2 Nce4 9. O-O Bxc3 {E39: Nimzo-Indian: Classical: 4...c5 5 dxc5 0-0} (9... Nxc3 10. bxc3 Be7 11. e4 d6 12. e5 dxe5 13. Nxe5 Qc7 14. Qe2 Nd7 15. Bf4 Nxe5 16. Bxe5 Bd6 17. Rfe1 Rb8 18. Rad1 Bxe5 19. Qxe5 Qxe5 20. Rxe5 b6 21. c5 Ba6 22. c6 {½-½ (43) Nakamura,H (2781)-Caruana,F (2799) London 2017}) 10. bxc3 Qc7 11. Nd4 d5 12. cxd5 exd5 13. Bf4 Qc5 14. Rac1 {LiveBook: 3 Games} Bd7 15. Qb3 $146 ({Predecessor:} 15. Qb2 Rfc8 16. Bxe4 dxe4 17. Qxb7 {½-½ (35) Haugen,A (2433)-Loinjak,S (2549) ICCF email 2016}) 15... b6 16. f3 Nd6 17. Qb4 Nc4 18. Qxc5 bxc5 19. Nb3 Rac8 20. Nd2 $36 {[%mdl 2048] Black is under pressure.} Bb5 21. Nxc4 Bxc4 22. Rc2 Rfe8 23. Kf2 Rc6 24. Bh3 h6 25. Rb1 Ra6 26. Be3 Rb6 27. Rbc1 Rc6 28. Rb1 g5 (28... Rb6 $11 29. Rxb6 axb6) 29. Bf5 $16 Kg7 30. g4 Rc7 31. h4 Nh7 32. hxg5 Nxg5 {And now ...Nh3+ would win.} 33. Rh1 a6 34. Bf4 Rb7 35. e3 Bb5 (35... a5 $16 36. Bd6 Ne6) 36. Rd2 Bd7 (36... Bc4 $142 37. Bd6 Ne6) 37. Rxd5 $18 Bc6 {[#]} 38. Rd6 $2 ({Weaker is} 38. Rxc5 Bxf3 39. Rh2 Bxg4 $14) (38. Be5+ $1 $18 {is the precise move to win.} Rxe5 39. Rxe5) 38... Rb2+ 39. Kg3 Bxf3 40. Rhxh6 Ne4+ 41. Bxe4 $1 Bxe4 42. Rh2 Rxh2 43. Kxh2 $14 {[%mdl 4096] Endgame KRB-KRB} a5 44. Ra6 Ra8 45. Be5+ Kh7 46. Rf6 Re8 47. Rxf7+ Kg6 48. Rg7+ Kh6 {[#]} 49. Bf6 $1 Bb1 50. Ra7 Rxe3 51. Rxa5 Kg6 52. Ra6 {Strongly threatening Bd4+.} Bxa2 53. g5 Be6 54. Kg2 Bd5+ 55. Kf2 Rf3+ 56. Ke1 Rf1+ 57. Kd2 Rf2+ 58. Ke1 Rf1+ 59. Kxf1 {Precision: White = 60%, Black = 59%.} 1/2-1/2

[Event "TUR-chT Superleague 2018"]
[Site "Ankara"]
[Date "2018.07.25"]
[Round "1"]
[White "Tukhaev, Adam"]
[Black "Safarli, Eltaj"]
[Result "1-0"]
[WhiteElo "2542"]
[BlackElo "2667"]
[Annotator "TA"]
[PlyCount "123"]
[EventDate "2018.07.25"]
[EventType "team-tourn"]
[EventCountry "TUR"]
[SourceTitle "playchess.com"]
[Source "ChessBase"]
[SourceQuality "1"]

{[%evp 16,123,48,43,56,55,80,81,84,79,97,86,80,74,84,32,38,18,35,11,16,0,33,22,42,21,25,-15,-13,-12,-8,-13,-12,-40,-33,-14,20,19,15,0,0,10,29,30,31,30,43,33,27,0,40,35,54,34,35,30,31,30,35,36,66,64,75,62,61,52,63,36,34,-34,-34,-39,0,0,0,0,10,10,404,401,378,377,693,654,993,421,1472,885,1000,573,1998,1858,1939,1481,564,564,696,581,29982,29983,29983,29984,29984,29985,29988,29989,29990,29989,29989,29990]} 1. e4 e5 2. Nf3 d6 3. d4 exd4 4. Nxd4 Nf6 5. Nc3 Be7 6. g3 O-O 7. Bg2 {C41: Philidor Defence} Bg4 (7... Re8 8. O-O Bf8 9. h3 Nbd7 10. Re1 c5 11. Nf5 Ne5 12. Bg5 h6 13. Bxf6 Qxf6 14. Nd5 Qd8 {½-½ (32) Oparin,G (2602)-Mamedyarov,S (2799) Moscow 2017}) 8. Nde2 Nc6 9. h3 {LiveBook: 11 Games. White is slightly better.} Be6 10. O-O Bc4 $146 ({Predecessor:} 10... Nd7 11. g4 Bf6 12. f4 Bc4 13. Nd5 Re8 14. g5 Bxe2 15. Qxe2 {1-0 (31) Kadric,D (2554)-Hadzovic,A (2218) Sarajevo 2016}) 11. Re1 a5 12. Nf4 a4 13. b3 axb3 14. cxb3 Ba6 15. Bb2 (15. Be3 $16) 15... Ne5 $14 {[%cal Bc6e5,Be5d7,Bd7c5][%mdl 32]} 16. Re3 c6 17. Nfe2 Re8 18. Nd4 Bf8 19. f4 Ned7 20. Qd2 Nc5 21. Rae1 d5 22. e5 Nfe4 23. Qc2 {[%cal Rg2e4]} Nxc3 24. Qxc3 Ne6 25. f5 Nxd4 26. Qxd4 b6 27. e6 $36 {[%mdl 2048] White has good play.} f6 28. Qg4 Kh8 29. Kh2 Ra7 30. Rd1 Bc5 31. Bd4 Bd6 32. Bb2 Bb7 (32... Bc5 $5 {[%cal Rc5e3]} 33. Rc3 Bb7 $14) 33. a4 Qe7 34. h4 Raa8 35. h5 h6 36. Bc3 Rad8 37. Red3 Be5 38. b4 Bxc3 39. Rxc3 c5 40. bxc5 bxc5 41. Rb3 Ba8 42. Rdb1 ({Better is} 42. Rb5 $14) 42... c4 $15 43. Rb5 Bc6 44. Rb6 Qc5 45. a5 $1 {[%cal Ba4a5,Ba5a6,Ba6a7][%mdl 32]} Ra8 46. a6 Ba4 $2 {[%mdl 8192]} (46... Rec8 $11 {and Black is okay.}) 47. Rb7 $18 {[%csl Gb7][%cal Rg4g7]} Rg8 {[#]} 48. Qf4 $1 {aiming for Rc7.} Bb3 $2 (48... Ra7 49. Bxd5 Qxd5) 49. Ra1 Bc2 50. a7 Be4 (50... Kh7 $142 51. Rc7 Qb5) 51. Bxe4 dxe4 52. Qxe4 Qf2+ 53. Kh3 c3 54. e7 {Intending Rb8 and mate.} Kh7 55. Rc7 Qb2 56. Rb1 Qd2 {[#]} 57. Rb8 $1 {[%mdl 512] White mates.} Qd1 (57... Raxb8 58. axb8=Q) 58. Rxg8 Rxg8 59. Rxc3 ({Weaker is} 59. e8=Q Rxe8 60. a8=Q (60. Qxe8 Qh1+ 61. Kg4 Qd1+ 62. Kf4 Qf1+ 63. Kg4 Qd1+ 64. Kf4 Qf1+ 65. Kg4 Qd1+ $11) 60... Rxa8 $11) 59... Qf1+ 60. Kh4 Qa1 {[#]} 61. e8=Q $1 Rxe8 62. Qxe8 {Precision: White = 66%, Black = 43%.} 1-0

[Event "TUR-chT Superleague 2018"]
[Site "Ankara"]
[Date "2018.07.25"]
[Round "1"]
[White "Sanal, Vahap"]
[Black "Yilmazyerli, Mert"]
[Result "1/2-1/2"]
[WhiteElo "2515"]
[BlackElo "2491"]
[Annotator "ChessBase"]
[PlyCount "157"]
[EventDate "2018.07.25"]
[EventType "team-tourn"]
[EventCountry "TUR"]
[SourceTitle "playchess.com"]
[Source "ChessBase"]
[SourceQuality "1"]
[TimeControl "40/5400+30:1800+30"]

1. e4 {[%emt 0:00:30]} c5 {[%emt 0:00:30]} 2. Nf3 {[%emt 0:00:00]} d6 {[%emt 0:00:30]} 3. d4 {[%emt 0:00:00]} cxd4 {[%emt 0:00:30]} 4. Nxd4 {[%emt 0:00:30]} Nf6 {[%emt 0:00:30]} 5. Nc3 {[%emt 0:00:30]} a6 {[%emt 0:00:30]} 6. Bg5 {[%emt 0:00:00]} Nbd7 {[%emt 0:00:00]} 7. Qe2 {[%emt 0:00:00]} h6 {[%emt 0:00:00]} 8. Bh4 {[%emt 0:06:30]} g6 {[%emt 0:01:30]} 9. O-O-O {[%emt 0:00:30]} e5 {[%emt 0:06:30]} 10. Nb3 {[%emt 0:02:30]} Be7 {[%emt 0:05:30]} 11. Qd2 {[%emt 0:00:30]} Qc7 {[%emt 0:02:30]} 12. Kb1 {[%emt 0:00:30]} b5 {[%emt 0:06:30]} 13. a3 {[%emt 0:00:30]} Bb7 {[%emt 0:01:30]} 14. Bd3 {[%emt 0:00:30]} Kf8 {[%emt 0:13:30]} 15. Rhf1 {[%emt 0:01:30]} Kg7 {[%emt 0:05:30]} 16. f4 {[%emt 0:00:30]} Rhf8 {[%emt 0:19:30]} 17. g4 {[%emt 0:07:30]} Qd8 {[%emt 0:07:30]} 18. h3 {[%emt 0:10:30]} exf4 {[%emt 0:04:30]} 19. Bf2 {[%emt 0:01:30]} Ne5 {[%emt 0:01:30]} 20. Qxf4 {[%emt 0:02:30]} Nfd7 {[%emt 0:00:30]} 21. Be2 {[%emt 0:02:30]} Rc8 {[%emt 0:02:05]} 22. Nd5 {[%emt 0:02:30]} Bh4 {[%emt 0:03:41]} 23. Bd4 {[%emt 0:04:30]} Kh7 {[%emt 0:07:06]} 24. Qd2 {[%emt 0:05:30]} Bxd5 {[%emt 0:05:14]} 25. exd5 {[%emt 0:00:30]} Bf6 {[%emt 0:00:16]} 26. Qf4 {[%emt 0:16:30]} Bg7 {[%emt 0:01:10]} 27. h4 {[%emt 0:04:30]} Nb6 {[%emt 0:01:59]} 28. Qe4 {[%emt 0:02:30]} Nbc4 {[%emt 0:00:26]} 29. h5 {[%emt 0:02:30]} Qg5 {[%emt 0:00:04]} 30. Ka2 {[%emt 0:09:26]} Rce8 {[%emt 0:01:01]} 31. Qf4 {[%emt 0:00:35]} Qxf4 {[%emt 0:01:23]} 32. Rxf4 {[%emt 0:00:02]} Kg8 {[%emt 0:01:14]} 33. Nc1 {[%emt 0:00:26]} g5 {[%emt 0:00:28]} 34. Rf2 {[%emt 0:00:42]} Nd7 {[%emt 0:00:14]} 35. Bxc4 {[%emt 0:03:45]} bxc4 {[%emt 0:00:30]} 36. Bxg7 {[%emt 0:00:30]} Kxg7 {[%emt 0:00:30]} 37. Rd4 {[%emt 0:00:00]} Nb6 {[%emt 0:00:24]} 38. Ne2 {[%emt 0:01:47]} Re5 {[%emt 0:00:44]} 39. Ng3 {[%emt 0:01:55]} Rxd5 {[%emt 0:00:40]} 40. Re4 {[%emt 0:00:00]} Re5 {[%emt 0:00:00]} 41. Nf5+ {[%emt 0:01:52]} Kh7 {[%emt 0:10:21]} 42. Nxd6 {[%emt 0:00:00]} Rxe4 {[%emt 0:00:30]} 43. Nxe4 {[%emt 0:00:00]} Nd5 {[%emt 0:03:38]} 44. Nf6+ {[%emt 0:05:30]} Nxf6 {[%emt 0:02:05]} 45. Rxf6 {[%emt 0:00:30]} a5 {[%emt 0:00:00]} 46. a4 {[%emt 0:16:30]} Kg7 {[%emt 0:00:26]} 47. Rf5 {[%emt 0:01:30]} Re8 {[%emt 0:05:07]} 48. Rxa5 {[%emt 0:00:30]} Re4 {[%emt 0:00:04]} 49. Rd5 {[%emt 0:01:26]} Rxg4 {[%emt 0:00:47]} 50. a5 {[%emt 0:00:26]} Re4 {[%emt 0:00:34]} 51. b4 {[%emt 0:07:57]} cxb3+ {[%emt 0:00:33]} 52. cxb3 {[%emt 0:00:03]} g4 {[%emt 0:01:00]} 53. a6 {[%emt 0:02:23]} Re6 {[%emt 0:03:13]} 54. Ra5 {[%emt 0:01:26]} g3 {[%emt 0:00:06]} 55. Kb2 {[%emt 0:00:26]} g2 {[%emt 0:01:46]} 56. Ra1 {[%emt 0:00:02]} Rxa6 {[%emt 0:00:33]} 57. Rg1 {[%emt 0:00:02]} Ra5 {[%emt 0:00:33]} 58. Rxg2+ {[%emt 0:00:30]} Kf6 {[%emt 0:00:00]} 59. Rh2 {[%emt 0:00:18]} Kg5 {[%emt 0:00:22]} 60. b4 {[%emt 0:00:16]} Ra8 {[%emt 0:00:18]} 61. Kc3 {[%emt 0:00:36]} f5 {[%emt 0:00:07]} 62. b5 {[%emt 0:00:20]} f4 {[%emt 0:00:23]} 63. Kd4 {[%emt 0:01:52]} Rb8 {[%emt 0:01:41]} 64. Ke4 {[%emt 0:01:43]} Re8+ {[%emt 0:01:57]} 65. Kf3 {[%emt 0:00:39]} Re3+ {[%emt 0:00:34]} 66. Kf2 {[%emt 0:00:00]} Rb3 {[%emt 0:00:30]} 67. Rg2+ {[%emt 0:00:29]} Kxh5 {[%emt 0:00:10]} 68. Rg7 {[%emt 0:01:04]} Rxb5 {[%emt 0:01:35]} 69. Kf3 {[%emt 0:00:03]} Rb4 {[%emt 0:01:00]} 70. Rg8 {[%emt 0:00:29]} Kh4 {[%emt 0:00:22]} 71. Rg4+ {[%emt 0:00:44]} Kh3 {[%emt 0:00:30]} 72. Rxf4 {[%emt 0:00:00]} Rxf4+ {[%emt 0:00:09]} 73. Kxf4 {[%emt 0:00:29]} h5 {[%emt 0:00:30]} 74. Kf3 {[%emt 0:00:30]} h4 {[%emt 0:00:00]} 75. Kf2 {[%emt 0:00:00]} Kh2 {[%emt 0:00:00]} 76. Kf3 {[%emt 0:00:00]} h3 {[%emt 0:00:00]} 77. Kf2 {[%emt 0:00:00]} Kh1 {[%emt 0:00:23]} 78. Kf1 {[%emt 0:00:30]} h2 {[%emt 0:00:30]} 79. Kf2 {[%emt 0:00:00]} 1/2-1/2

[Event "TUR-chT Superleague 2018"]
[Site "Ankara"]
[Date "2018.07.25"]
[Round "1"]
[White "Benidze, Davit"]
[Black "Ozkan, Ervin"]
[Result "1-0"]
[WhiteElo "2487"]
[BlackElo "2171"]
[Annotator "ChessBase"]
[PlyCount "51"]
[EventDate "2018.07.25"]
[EventType "team-tourn"]
[EventCountry "TUR"]
[SourceTitle "playchess.com"]
[Source "ChessBase"]
[SourceQuality "1"]
[TimeControl "40/5400+30:1800+30"]

1. Nf3 {[%emt 0:00:30]} d5 {[%emt 0:00:30]} 2. g3 {[%emt 0:00:00]} c6 {[%emt 0:00:30]} 3. Bg2 {[%emt 0:00:00]} Nf6 {[%emt 0:00:30]} 4. O-O {[%emt 0:00:00]} Bf5 {[%emt 0:01:30]} 5. c4 {[%emt 0:00:00]} e6 {[%emt 0:00:30]} 6. cxd5 {[%emt 0:00:00]} exd5 {[%emt 0:02:30]} 7. d3 {[%emt 0:00:00]} Nbd7 {[%emt 0:00:30]} 8. Nc3 {[%emt 0:00:30]} Be7 {[%emt 0:03:30]} 9. Re1 {[%emt 0:03:30]} Bg6 {[%emt 0:12:30]} 10. e4 {[%emt 0:06:30]} dxe4 {[%emt 0:01:30]} 11. dxe4 {[%emt 0:00:30]} Nc5 {[%emt 0:03:30]} 12. Ne5 {[%emt 0:05:30]} Qxd1 {[%emt 0:07:30]} 13. Rxd1 {[%emt 0:00:30]} Bh5 {[%emt 0:33:30]} 14. f3 {[%emt 0:01:30]} Nfd7 {[%emt 0:19:57]} 15. Nc4 {[%emt 0:00:30]} O-O-O {[%emt 0:04:41]} 16. Bf4 {[%emt 0:01:30]} Nb6 {[%emt 0:00:37]} 17. Nd6+ {[%emt 0:00:30]} Bxd6 {[%emt 0:00:06]} 18. Bxd6 {[%emt 0:00:30]} Ne6 {[%emt 0:00:30]} 19. b3 {[%emt 0:00:30]} Rd7 {[%emt 0:01:33]} 20. Rac1 {[%emt 0:00:00]} Kd8 {[%emt 0:00:46]} 21. Bb8 {[%emt 0:01:00]} Nc8 {[%emt 0:00:56]} 22. g4 {[%emt 0:00:00]} Bg6 {[%emt 0:00:57]} 23. Rxd7+ {[%emt 0:00:00]} Kxd7 {[%emt 0:00:30]} 24. Rd1+ {[%emt 0:00:30]} Ke7 {[%emt 0:02:41]} 25. f4 {[%emt 0:00:00]} f5 {[%emt 0:00:31]} 26. exf5 {[%emt 0:00:00]} 1-0

[Event "TUR-chT Superleague 2018"]
[Site "Ankara"]
[Date "2018.07.25"]
[Round "1"]
[White "Esen, Baris"]
[Black "Yurtseven, Melih"]
[Result "1/2-1/2"]
[WhiteElo "2487"]
[BlackElo "2404"]
[Annotator "TA"]
[PlyCount "63"]
[EventDate "2018.07.25"]
[EventType "team-tourn"]
[EventCountry "TUR"]
[SourceTitle "playchess.com"]
[Source "ChessBase"]
[SourceQuality "1"]

{[%evp 21,63,33,35,5,13,0,6,-29,-32,-35,-31,-36,-25,-20,-22,-70,-63,-84,0,-4,0,0,0,0,0,0,0,0,2,-7,-20,-20,0,-29,-22,-23,11,-60,0,-18,-12,-30,-12,-34]} 1. d4 d5 2. c4 e6 3. Nf3 c5 4. cxd5 exd5 5. Bg5 Nf6 6. Nc3 cxd4 7. Nxd4 Be7 8. e3 O-O 9. Be2 Nc6 10. O-O Be6 11. Rc1 {D32: Tarrasch Defence: Sidelines and lines without g3} Rc8 {LiveBook: 17 Games} 12. Nxc6 (12. a3 Na5 13. Bd3 Nc4 14. Qe2 Qa5 15. Nxe6 fxe6 16. e4 Ne5 17. exd5 Nxd3 18. Qxd3 Nxd5 19. Bxe7 Nxe7 {1-0 (53) Zvjaginsev,V (2653)-Qashashvili,A (2378) Yerevan 2014}) 12... bxc6 13. Na4 Qa5 $146 ({Predecessor:} 13... c5 14. Bxf6 gxf6 15. Bd3 Qd7 16. Qh5 f5 17. Nc3 Kh8 18. Ne2 {½-½ (18) Galyas,M (2424)-Adams,N (2208) Budapest 2005}) 14. a3 c5 $1 {[%cal Bc6c5,Bc5c4][%mdl 32]} 15. Qc2 c4 {...d4! is the strong threat.} 16. Bf4 Nd7 17. Rfd1 Rfd8 18. Rd2 Bf6 19. Bd6 {[%cal Bf4d6,Bd6b4,Bb4c3,Bc3d4][%mdl 32]} Ne5 (19... Nb6 $17 20. Nxb6 Qxb6) 20. Bb4 $11 Qb5 21. Bc3 Qe8 22. Bd4 {[#]} Nd3 $1 {[%mdl 512]} 23. Bxf6 (23. Bxd3 cxd3) 23... Nxc1 24. Bxd8 Nb3 25. Rd1 Qxa4 26. Be7 Nc5 27. Rd2 (27. Qd2 {feels hotter.} Ne4 28. Qd4 Qc2 29. Re1 a5 30. f3) 27... Qxc2 28. Rxc2 Na4 29. Bd6 (29. Bb4 $11) 29... f6 ({Better is} 29... Bf5 $1 $15 30. e4 Bxe4) 30. Rd2 a5 31. Bd1 Nc5 {[#] White must now prevent ...Ne4.} 32. Bxc5 {Precision: White = 39%, Black = 58%.} 1/2-1/2

[Event "TUR-chT Superleague 2018"]
[Site "Ankara"]
[Date "2018.07.25"]
[Round "1"]
[White "Haznedaroglu, Kivanc"]
[Black "Kanmazalp, Ogulcan"]
[Result "1/2-1/2"]
[WhiteElo "2472"]
[BlackElo "2481"]
[Annotator "TA"]
[PlyCount "63"]
[EventDate "2018.07.25"]
[EventType "team-tourn"]
[EventCountry "TUR"]
[SourceTitle "playchess.com"]
[Source "ChessBase"]
[SourceQuality "1"]

{[%evp 17,63,0,0,-19,-10,-12,-3,-12,-8,0,1,17,3,14,13,1,3,9,13,0,4,0,0,-16,-16,-29,-24,-22,-31,-25,-31,-21,-32,-49,-49,-57,-56,-90,-47,-47,-47,-47,-47,-48,-48,-48,-48,-48]} 1. Nf3 Nf6 2. g3 g6 3. b3 Bg7 4. Bb2 d5 5. Bg2 c5 6. O-O O-O 7. e3 {A05: Réti Opening: 1 Nf3 Nf6} Nc6 8. d4 (8. d3 Bg4 9. h3 Bxf3 10. Bxf3 e5 11. Nd2 Qd7 12. Bg2 Rad8 13. e4 d4 14. f4 Nh5 {1-0 (39) Sanal,V (2551)-Naiditsch,A (2705) Riadh 2017}) 8... cxd4 9. exd4 Bf5 {LiveBook: 13 Games} 10. c3 Qc7 $146 ({Predecessor:} 10... Ne4 11. Nbd2 Qd7 12. Re1 Rac8 13. Nxe4 Bxe4 14. Ne5 Nxe5 15. Bxe4 {0-1 (75) Hernandez Riera,J (2190)-Garcia Cardenas,P (2405) Santiago de Chile 2016}) 11. Nbd2 {[%cal Bb1d2,Bd2f1,Bf1e3][%mdl 32]} Rad8 12. Re1 Rfe8 {[%cal Bf8e8,Be8e5,Be5f5,Bf5f2,Bf2b2][%mdl 32]} 13. Nf1 e5 14. dxe5 Nxe5 15. Nxe5 Rxe5 16. Ne3 {White wants to play c4.} Be4 17. f3 Bf5 $1 {...Rde8 is the strong threat.} 18. Nxf5 Rxf5 19. Qe2 Qb6+ 20. Kh1 Ne4 $36 {[%mdl 2048] Black has some pressure.} 21. fxe4 Rf2 22. Qe3 Qxe3 23. Rxe3 {[#] Strongly threatening Ba3.} d4 24. Rd3 {Black must now prevent Rb1.} Rxb2 25. e5 Bxe5 26. cxd4 b6 27. Rad1 Rxd4 28. Rxd4 {Black is slightly better.} Bxd4 29. Bd5 Bc5 30. Rf1 Rf2 31. Rxf2 Bxf2 32. Kg2 {Precision: White = 56%, Black = 84%.} 1/2-1/2

[Event "TUR-chT Superleague 2018"]
[Site "Ankara"]
[Date "2018.07.25"]
[Round "1"]
[White "Atalik, Ekaterina"]
[Black "Muzychuk, Mariya"]
[Result "1/2-1/2"]
[WhiteElo "2461"]
[BlackElo "2521"]
[Annotator "ChessBase"]
[PlyCount "66"]
[EventDate "2018.07.25"]
[EventType "team-tourn"]
[EventCountry "TUR"]
[SourceTitle "playchess.com"]
[Source "ChessBase"]
[SourceQuality "1"]
[TimeControl "40/5400+30:1800+30"]

1. d4 {[%emt 0:00:30]} Nf6 {[%emt 0:00:30]} 2. Nf3 {[%emt 0:00:30]} g6 {[%emt 0:00:30]} 3. g3 {[%emt 0:00:30]} Bg7 {[%emt 0:00:30]} 4. Bg2 {[%emt 0:00:30]} O-O {[%emt 0:00:30]} 5. O-O {[%emt 0:00:00]} d5 {[%emt 0:00:00]} 6. c4 {[%emt 0:00:00]} c6 {[%emt 0:00:00]} 7. Qb3 {[%emt 0:00:30]} Qb6 {[%emt 0:00:30]} 8. Nc3 {[%emt 0:01:30]} Rd8 {[%emt 0:03:30]} 9. Rd1 {[%emt 0:04:30]} Bf5 {[%emt 0:02:30]} 10. Ne1 {[%emt 0:05:30]} Ne4 {[%emt 0:15:30]} 11. Be3 {[%emt 0:15:30]} Nxc3 {[%emt 0:06:30]} 12. bxc3 {[%emt 0:01:30]} dxc4 {[%emt 0:22:30]} 13. Qxc4 {[%emt 0:00:30]} Qa6 {[%emt 0:03:30]} 14. Qxa6 {[%emt 0:06:30]} Nxa6 {[%emt 0:00:30]} 15. Bf4 {[%emt 0:04:30]} Rd7 {[%emt 0:04:30]} 16. e4 {[%emt 0:02:30]} Be6 {[%emt 0:00:30]} 17. Nd3 {[%emt 0:01:30]} Rad8 {[%emt 0:02:30]} 18. Rdc1 {[%emt 0:14:30]} b5 {[%emt 0:04:30]} 19. Ne5 {[%emt 0:03:30]} Bxe5 {[%emt 0:01:30]} 20. Bxe5 {[%emt 0:00:00]} g5 {[%emt 0:06:30]} 21. a4 {[%emt 0:10:00]} b4 {[%emt 0:00:30]} 22. Bf1 {[%emt 0:01:30]} f6 {[%emt 0:00:30]} 23. Bxf6 {[%emt 0:03:30]} exf6 {[%emt 0:01:30]} 24. Bxa6 {[%emt 0:00:30]} bxc3 {[%emt 0:00:00]} 25. Rxc3 {[%emt 0:00:30]} Rxd4 {[%emt 0:00:00]} 26. Rxc6 {[%emt 0:03:27]} Rxe4 {[%emt 0:00:30]} 27. a5 {[%emt 0:09:16]} Kf7 {[%emt 0:02:30]} 28. Rb1 {[%emt 0:06:33]} Re5 {[%emt 0:06:09]} 29. Rc7+ {[%emt 0:00:37]} Rd7 {[%emt 0:01:13]} 30. Rxd7+ {[%emt 0:00:30]} Bxd7 {[%emt 0:00:00]} 31. Bc4+ {[%emt 0:00:29]} Ke7 {[%emt 0:00:52]} 32. a6 {[%emt 0:00:51]} Kd6 {[%emt 0:00:31]} 33. Bf1 {[%emt 0:01:16]} Kd5 {[%emt 0:02:24]} 1/2-1/2